Personnages de Good Omens par images - Saison 2 - Statistiques

Statistiques générales
  • Ce quiz a été pris 49 fois
  • Le résultat moyen est 10 sur 16
Statistiques - réponses
Par images Réponse % Correct
Jim | Gabriel
100%
Beelzebub | Belzébuth
97%
L'Archange Uriel
92%
L'Ange Muriel
83%
Maggie
81%
Nina
81%
Le Metatron
78%
L'Archange Michael
75%
Job
67%
Le démon Shax
61%
Le démon Furfur
39%
Le démon Eric
33%
Ennon
28%
L'Archange Saraqael
28%
M. Brown
25%
Justine
22%
Aucun quiz correspondant
Distribution des résultats
% des personnes avec chaque résultat
Percentile par nombre de réponses
Votre historique - résultats
Vous n’avez pas pris ce quiz